[Event "IECC Swiss email"]
[Site "IECC email"]
[Date "2000.08.01"]
[Round "?"]
[White "Taylor, Rex"]
[Black "Vorobyev, Albert A"]
[Result "1-0"]
[WhiteElo "1358"]
[BlackElo "2050"]
[PlyCount "57"]
[EventDate "2000.??.??"]
[EventType "tourn (corr)"]
[EventRounds "6"]
[SourceTitle "Corr 2008"]
[Source "ChessBase"]
[SourceDate "2008.06.24"]
[SourceVersion "1"]
[SourceVersionDate "2008.06.24"]
[SourceQuality "1"]

1. e4 e6 2. d4 d5 3. e5 c5 4. Nf3 Nc6 5. Bd3 Qb6 6. dxc5 Bxc5 7. 0-0 Qc7 8. Re1 Nge7 9. a3 a5 10. Be3 b6 11. Nc3 Na7 12. Bb5+ Bd7 13. Bd3 h6 14. Qd2 Bc6 15. Nd4 Qd7 16. Qe2 0-0 17. Rad1 Rab8 18. Qg4 Bxd4 19. Bxd4 Nb5 20. Ne2 Nf5 21. Bxf5 exf5 22. Qh3 Qc8 23. Nf4 Nc7 24. Re3 Kh7 25. e6 fxe6 26. Bxg7 Kxg7 27. Rg3+ Kf7 28. Qxh6 Ke8 29. Ng6 1-0